Consumers angle on raw rubber (Record no. 56228)

MARC details
000 -LEADER
fixed length control field 00319nam a2200121Ia 4500
100 ## - MAIN ENTRY--AUTHOR NAME
Personal name Wijeratne M S
245 #0 - TITLE STATEMENT
Title Consumers angle on raw rubber
260 ## - PUBLICATION, DISTRIBUTION, ETC. (IMPRINT)
Name of publisher Rubber Research Institute of Ceylon Bulletin
Year of publication 1968
300 ## - PHYSICAL DESCRIPTION
Number of Pages 53-58
650 ## - SUBJECT ADDED ENTRY--TOPICAL TERM
Topical Term Raw rubber
942 ## - ADDED ENTRY ELEMENTS (KOHA)
Koha item type Journals
Holdings
Withdrawn status Lost status Damaged status Not for loan Home library Current library Shelving location Date acquired Serial Enumeration / chronology Koha item type
      Journals RRII Library RRII Library Agricultural economics 17/12/2021 Volume 3, Issue 04-Mar Journals